Statistics for Characters in Beyonders #2

Click here to take the quiz!

General Stats

  • This quiz has been taken 6 times
  • The average score is 3 of 6

Answer Stats

HintAnswer% Correct
1. Blind King who resides at FortaimGalloran
67%
5. Redhead Squire of #1. Helps both protagonistsNedwin
67%
4. Member of The Giddy Nine, Sworn man of the ProtagonistTark
67%
6. Displacer who "befriends" Protagonists to spy on themFerrin
50%
2. Mute servant who serves the aboveDorsio
33%
3. Guardian of the fourth syllable of The Word who lives in a sea caveJugard
33%

Score Distribution

Percentile by Number Answered

Percent of People with Each Score

Your Score History

You have not taken this quiz